Studies in Macroeconomic Theory

Bibliografiske detaljer
Hovedforfatter: Phelps, Edmund S.
Format: Electronisk eBog
Sprog:English
Udgivet: ELSEVIER, 1979
Fag:
Online adgang:Full text available on ScienceDirect
Off-campus access
LEADER 01094pam a2200253 a 4500
001 AALebookScienceDirectFIN000745
003 BD-DhAAL
006 m||||||||d||||||||
007 cr||||||||||||
008 221127s9999 xxuabf fo j 001 0 eng d
020 |a 9780125540018 
040 |a BD-DhAAL  |c BD-DhAAL 
100 1 |a Phelps, Edmund S. 
245 1 0 |h [electronic resource]  |a Studies in Macroeconomic Theory 
260 |b ELSEVIER,  |c 1979 
300 |a 1 online resource 
500 |a <strong>On-Campus Access:</strong> No User ID or Password Required 
500 |a <strong>Off-Campus Access:</strong> Athens ID and Password Required 
506 |a Electronic access restricted to authorized BRAC University faculty, staff and students 
538 |a Mode of access: Internet 
650 4 |a Finance 
655 7 |a Electronic books  |2 Library of Congress 
856 4 0 |z Full text available on ScienceDirect  |u https://www.sciencedirect.com/science/book/9780125540018 
856 4 0 |z Off-campus access  |u https://go.openathens.net/redirector/bracu.ac.bd?url=https%3A%2F%2Fwww.sciencedirect.com%2Fscience%2Fbook%2F9780125540018